<?xml version="1.0" encoding="UTF-8"?>
<record
    xmlns:xsi="http://www.w3.org/2001/XMLSchema-instance"
    xsi:schemaLocation="http://www.loc.gov/MARC21/slim http://www.loc.gov/standards/marcxml/schema/MARC21slim.xsd"
    xmlns="http://www.loc.gov/MARC21/slim">

  <leader>01226nam a2200301 u 4500</leader>
  <controlfield tag="001">1494964</controlfield>
  <controlfield tag="005">20260508092507.0</controlfield>
  <controlfield tag="007">co|||||||</controlfield>
  <controlfield tag="008">180521s2018                        spa  </controlfield>
  <datafield tag="035" ind1=" " ind2=" ">
    <subfield code="a">1494964</subfield>
  </datafield>
  <datafield tag="040" ind1=" " ind2=" ">
    <subfield code="c">comduadb</subfield>
  </datafield>
  <datafield tag="041" ind1=" " ind2=" ">
    <subfield code="a">spa</subfield>
  </datafield>
  <datafield tag="082" ind1=" " ind2="4">
    <subfield code="a">070</subfield>
  </datafield>
  <datafield tag="100" ind1="1" ind2="0">
    <subfield code="a">V&#xE9;lez Garc&#xED;a, Luz Mar&#xED;a</subfield>
    <subfield code="4">aut</subfield>
    <subfield code="e">aut</subfield>
    <subfield code="9">770959</subfield>
  </datafield>
  <datafield tag="245" ind1="1" ind2="0">
    <subfield code="a">Tejer la ciudad una colcha de relatos del crochet en Medell&#xED;n</subfield>
  </datafield>
  <datafield tag="260" ind1=" " ind2=" ">
    <subfield code="a">Medell&#xED;n :</subfield>
    <subfield code="b">Autor(a),</subfield>
    <subfield code="c">2018.</subfield>
  </datafield>
  <datafield tag="300" ind1=" " ind2=" ">
    <subfield code="a">1 CD-ROM</subfield>
  </datafield>
  <datafield tag="520" ind1="3" ind2=" ">
    <subfield code="a">RESUMEN: "Tejer la ciudad es un reportaje period&#xED;stico que narra los &#xFA;ltimos cien a&#xF1;os de tejido en Medell&#xED;n a trav&#xE9;s de seis voces que abordan tres maneras de vivir el tejido: lo pedag&#xF3;gico, lo econ&#xF3;mico y lo art&#xED;stico. Los testimonios que conforman el presente trabajo son, a su vez, presentados al lector en una colcha de relatos que presenta la mirada del tejido desde lo femenino."</subfield>
  </datafield>
  <datafield tag="650" ind1=" " ind2=" ">
    <subfield code="a">Tejido a mano</subfield>
    <subfield code="9">5613</subfield>
  </datafield>
  <datafield tag="650" ind1=" " ind2=" ">
    <subfield code="a">Tejidos artesanales</subfield>
    <subfield code="9">191002</subfield>
  </datafield>
  <datafield tag="650" ind1=" " ind2=" ">
    <subfield code="a">Feminismo - Medell&#xED;n</subfield>
    <subfield code="9">161</subfield>
  </datafield>
  <datafield tag="650" ind1=" " ind2=" ">
    <subfield code="a">Historias de vida</subfield>
    <subfield code="9">2409</subfield>
  </datafield>
  <datafield tag="650" ind1=" " ind2="7">
    <subfield code="a">Reportajes</subfield>
    <subfield code="2">lemb</subfield>
    <subfield code="9">1276</subfield>
  </datafield>
  <datafield tag="700" ind1="1" ind2="0">
    <subfield code="a">Arias L&#xF3;pez, Beatriz Elena</subfield>
    <subfield code="4">ths</subfield>
    <subfield code="e">ths</subfield>
    <subfield code="9">770960</subfield>
  </datafield>
  <datafield tag="942" ind1=" " ind2=" ">
    <subfield code="c">TESIS</subfield>
  </datafield>
  <datafield tag="999" ind1=" " ind2=" ">
    <subfield code="c">776769</subfield>
    <subfield code="d">776769</subfield>
  </datafield>
  <datafield tag="502" ind1=" " ind2=" ">
    <subfield code="b">123</subfield>
    <subfield code="c">13</subfield>
  </datafield>
  <datafield tag="526" ind1=" " ind2=" ">
    <subfield code="a">124</subfield>
  </datafield>
  <datafield tag="952" ind1=" " ind2=" ">
    <subfield code="0">0</subfield>
    <subfield code="1">0</subfield>
    <subfield code="4">0</subfield>
    <subfield code="7">0</subfield>
    <subfield code="8">TESDIGBC</subfield>
    <subfield code="a">BC</subfield>
    <subfield code="b">BC</subfield>
    <subfield code="d">2018-05-25</subfield>
    <subfield code="e">Material adquirido por donaci&#xF3;n</subfield>
    <subfield code="i">C1285894</subfield>
    <subfield code="l">1</subfield>
    <subfield code="o">070.44 V868 CD-ROM</subfield>
    <subfield code="p">1035059</subfield>
    <subfield code="r">2025-10-10 09:44:31</subfield>
    <subfield code="s">2025-09-10</subfield>
    <subfield code="t">1</subfield>
    <subfield code="w">2023-05-04</subfield>
    <subfield code="y">DIGITAL</subfield>
  </datafield>
</record>
